000 003040000a22001450004500
003 MACL
040 _aMACL
090 _c32163
_d32161
100 _aChopra, Ravi
245 _aObjective Type English
260 _bArchna Publication
_c1996
350 _a75
650 _aEnglish
942 _cBOOK
_k420/Cho
999 _c31836
_d31836